Prieskum okolia Partizánskeho

Podrobná bibliografia
Hlavný autor: Griačová, Miriam (Autor)
Médium: Článok
Jazyk:slovenčina
Fyzický popis:Res. nem., rus.
Predmet:

MARC

LEADER 00000nab a2200000 a 4500
001 vtls000463107
003 SK-MaSNL
005 20260303190424.0
008 230120c1990 xo 0 slo
015 |a SNBRA19rr/mm-uuuuu 
035 |a CL0463240 
035 |a urn:nbn:sk:snk-abazc 
035 |a (urnnbn)urn:nbn:sk:snk:ar-a04dj8 
035 |a (uuid)d6820879-514d-4c80-b970-36cee6734fb8 
040 |a SNKBUCL  |b slo  |c SNKBUCL  |e AACR2 
041 0 |a slo 
044 |a xo  |c SK 
080 |a 903.21"634":902  |2 1981 
080 |a 902  |2 1981 
100 1 |a Griačová, Miriam  |4 aut  |9 1218727 
245 1 0 |a Prieskum okolia Partizánskeho  |c Miriam Griačová 
300 |b Res. nem., rus. 
650 0 7 |a keramika  |2 snkbucl  |9 3061 
650 0 7 |a industria štiepaná  |2 snkbucl  |9 1218728 
650 0 7 |a lengyelská kultúra  |2 snkbucl  |9 73753 
650 0 7 |a doba kamenná mladšia  |2 snkbucl  |9 1114128 
650 0 7 |a archeologické nálezy  |2 snkbucl  |9 4975 
651 7 |a Partizánske (Slovensko)  |2 snkbucl  |9 51183 
655 7 |a články zo zborníkov  |2 snkbucl  |9 166140 
773 0 |t Archeologické výskumy a nálezy na Slovensku v roku 1988  |d Nitra : AÚ SAV, 1990  |g S. 58 
850 |a Slovenská národná knižnica v Martine  |a MTA001 
852 |a SNK  |b KIS3GCP 
954 |a odborná, vedecká literatúra pôvodná (slovenská)  |2 lita 
957 |a 5209 
958 |a RK 
958 |a OND 
958 |a EUIPO 
958 |a article27 
992 |a RZB 
999 |c 2136183  |d 2138113